000 00508nam a22001817a 4500
005 20260107105119.0
008 260107b |||||||| |||| 00| 0 eng d
037 _cDSWL
040 _aDSWL
_cDSWL
041 _heng
100 _aSatyanarayana, Gattu
_9862387
245 _aAgrarian crisis and farmer suicides
260 _aJaipur,
_bRawat Publication,
_c2025
300 _a197p
365 _aINR
_b1195
942 _2CC
_cTEXL
_n0
999 _c1467088
_d1467088